| 000 | 00534cam a22002171 4500 | ||
|---|---|---|---|
| 001 | sa 64005960 | ||
| 003 | DLC | ||
| 005 | 20260227112036.0 | ||
| 008 | 941004s1963 ii 000 0 maro | ||
| 010 | _asa 64005960 | ||
| 025 | _aPL480:I-Mar-471 | ||
| 035 | _a(OCoLC)31221205 | ||
| 040 |
_aDLC _cCU _dCU _dDLC |
||
| 042 | _apremarc | ||
| 050 | 0 | 0 |
_aPK2418.P3156 _bV4 |
| 100 | 1 |
_aPatkī, Vi. Va. _q(Viśvanātha Vāmana). |
|
| 245 | 1 | 0 | _aVeḷī aveḷī. |
| 260 | _c[1963] | ||
| 300 |
_a131 p. _c18 cm. |
||
| 500 | _aIn Marathi. | ||
| 999 |
_c59435 _d59435 |
||